|
|
|
|
| LEADER |
00683ncm a22002172a 4500 |
| 001 |
001229669 |
| 003 |
CZ BrMZK |
| 005 |
20120711093347.0 |
| 007 |
qu |
| 008 |
120711s1940 xr |||||||||||||||||cze d |
| 040 |
|
|
|a BOA001
|b cze
|
| 072 |
|
7 |
|a 784
|x Vokální hudba
|2 Konspekt
|9 9
|
| 100 |
1 |
|
|a Rakovský, Antonín
|7 jx20090908068
|4 cmp
|
| 245 |
1 |
0 |
|a Klíč lásky
|h [hudebnina] :
|b valčík /
|c Antonín Rakovský
|
| 260 |
|
|
|a Brno :
|b Rakovský,
|c [1940?]
|
| 300 |
|
|
|a 1 sv. (nestránkován)
|
| 500 |
|
|
|a Zpěv a klavír
|
| 910 |
|
|
|a BOA001
|b Mus4-0623.042
|
| 990 |
|
|
|a MU
|
| 991 |
|
|
|b 201207
|
| 996 |
6 |
|
|b 2619091601
|c Mus4-0623.042
|l MZK
|r Sklad / do 1 hodiny
|n 0
|w 001263453
|u 000010
|a 1
|e BOA001
|j MZK50
|s P
|